Регионална библиотека "Любен Каравелов" - Русе

Самотният рейс на "Опти" (Запис номер 173922)

MARC детайли
000 -Лидер
Контролно поле с фиксирана дължина 01801nam a2200409 c 4500
003 - Код на организацията, давaща контролен номер
Контролно поле BLK
005 - Дата и час на последна редакция
Контролно поле 20240129130713.0
008 - Елементи от данни с фиксирана дължина
fixed length control field 180411b bul|||||r ||||||| ||bul||
010 ## - Наследен системен номер
LC control number KNG00182367000
040 ## - Източник на каталожния запис
Идентификатор на билиотеката - собственик на записа BLK
041 ## - Код за език
Код за езика на текст/звукозапис или на отделно заглавие Български
Код за езика КДБФ Български
080 ## - УДК
Текстов определител УДК Откривателски пътешествия. Експедиции
УДК код - определител по УДК 910.4
УДК - код + определител 910.4
100 1# - Редна дума - Автор
Автор Телига, Леонид
Авторска отговорност първи автор
R(LIN) 339622
139 ## - Редно поле
Редна дума Телига, Леонид
Авторски знак Тел - Т 46
245 10 - Сведения за заглавието
Заглавие Самотният рейс на "Опти"
Подзаглавни данни Околосветско пътешествие
Редно поле (дума) Леонид Телига; събр., подг. за печат и увод Станислав Телига; прев. от пол. Магдалена Атанасова.
257 ## - Страна на издаване
Страна на създаване/издаване Полша
260 ## - Област на издателските данни
Място на издаване, разпространение и проч. Варна
Име на издателя, разпространителя и проч. Георги Бакалов
Година на издаване 1976
300 ## - Физическа характеристика
Страници 404 с., 32 л.
Илюстрации и др. ил
Размери/Мащаб 23 см
380 ## - Жанр
Жанр География
490 ## - СЕРИИ (Колекции)
Име на серия Библиотека Нептун
№: серия Кн. 1
9 (RLIN) 205192
500 ## - Общи забележки
Забележка Ориг. загл. Samotny rejs "Opty".- Авт. не е отбезязан на кор
650 #7 - Допълнително описание по предмет – тема
Основно описание – тема или топоним Морски пътешествия
Източник на редна или ключова дума
9 (RLIN) 168588
650 #4 - Допълнително описание по предмет – тема
Основно описание – тема или топоним Мореплаватели, полски
9 (RLIN) 339624
653 ## - Ключова дума – ненормативна
Ключова дума пътешествия
653 ## - Ключова дума – ненормативна
Ключова дума експедиции
653 ## - Ключова дума – ненормативна
Ключова дума мореплаватели
700 1# - Други автори (авторска отговорност)
Лично име Телига, Станислав
Автороска отговорност (Описва отношението между автора и произведението) събр., подг. за печат и увод
9 (RLIN) 339623
700 1# - Други автори (авторска отговорност)
Лично име Атанасова, Магдалена
Автороска отговорност (Описва отношението между автора и произведението) прев. от пол.
9 (RLIN) 368678
852 ## - Местоположение
Форматна сигнатура Цб 80550
856 4# - Електронен адрес и достъп
Електронен формат pdf - файл
Инструкция (цена за достъп) 0.00
Права за достъп disable
856 4# - Електронен адрес и достъп
Електронен формат pdf - файл
Инструкция (цена за достъп) 0.00
Права за достъп disable
999 ## - СИСТЕМНИ КОНТРОЛНИ НОМЕРА
Koha biblionumber 173922
Koha biblioitemnumber 173922
942 ## - АРТИКУЛИ
Вид на библиотечния материал Книги
Скрит в OPAC Не
Периодичен библиозапис Да
944 ## - СЪЗДАВАНЕ И РЕДАКЦИЯ на ЗАПИСА
Създаване/Редакция Създаване
Дата на регистрацията/редакция 23.09.2015
Служител, извършил регистрацията/редакцията 30560
Статус, дата на статуса Геновева Генчева
944 ## - СЪЗДАВАНЕ И РЕДАКЦИЯ на ЗАПИСА
Създаване/Редакция Редакция
Дата на регистрацията/редакция 23.09.2015
Служител, извършил регистрацията/редакцията Христина_Везирева
999 ## - СИСТЕМНИ КОНТРОЛНИ НОМЕРА
Koha biblioitemnumber 173922
999 ## - СИСТЕМНИ КОНТРОЛНИ НОМЕРА
Koha biblioitemnumber 173922
Наличности
Код за отписване Код за изгубен артикул Източник на класификационната схема Код за повреда Коз за рестрикции Код за отдаване Артикулен № Име на библиотеката - собственик Име на библиотеката, в която се намира в момента Статус (Текущо местоположение) Дата на вписване в системата Местоположение - отдел Цена в лева Инвентарен номер Систематично азбучна сигнатура Баркод Номер на екземпляра Цена в евро Служебна бележка Служебен тип на артикула
  Не е изгубен Universal Decimal Classification Не е повреден без рестрикции ползва се в читалня 297864 Регионална библиотека "Любен Каравелов" Русе Регионална библиотека "Любен Каравелов" Русе Хранилище 1976-01-01 Хранилище 3.08 204529 Цб 80550 120000204529 1 1.57 Вид: Сф N: стар фонд Дата: 01.01.1976 Книги
Изтеглен Не е изгубен Universal Decimal Classification Не е повреден без рестрикции заемане за дома 297865 Регионална библиотека "Любен Каравелов" Русе Регионална библиотека "Любен Каравелов" Русе Заемна - подръчен фонд 1976-01-01 Заемна - подръчен фонд 3.08 206022 П 910/Т 46 206022 2 1.57 Вид: Сф N: стар фонд Дата: 01.01.1976 Книги
Vip Innovations Ltd, Rousse, Bulgaria 2025